Concise oxford English-Arabic dictionary of current usage (Record no. 503)

MARC details
000 -LEADER
fixed length control field 00411nam a2200145Ia 4500
020 ## - INTERNATIONAL STANDARD BOOK NUMBER
ISBN 0-19-864321-7
082 ## - DEWEY DECIMAL CLASSIFICATION NUMBER
Classification number RR 492.7321 CON;
245 #0 - TITLE STATEMENT
Title Concise oxford English-Arabic dictionary of current usage
260 ## - PUBLICATION, DISTRIBUTION, ETC. (IMPRINT)
Place of publication New York
Name of publisher Oxford University Press
Year of publication 1982
300 ## - PHYSICAL DESCRIPTION
Number of Pages 461p.
650 ## - SUBJECT ADDED ENTRY--TOPICAL TERM
Topical Term English language - Dictionaries
650 ## - SUBJECT ADDED ENTRY--TOPICAL TERM
Topical Term Arabic language - Dictionaries
700 ## - ADDED ENTRY--PERSONAL NAME
Personal name Doniach, N.S.
942 ## - ADDED ENTRY ELEMENTS (KOHA)
Koha item type Books
Holdings
Withdrawn status Lost status Damaged status Not for loan Home library Current library Date acquired Bill Date Full call number Accession Number Price effective from Koha item type
        NASSDOC Library NASSDOC Library 08/06/2004 2004-10-22 RR 492.7321 CON; 16240 18/04/2019 Books